Pinguini Tattici Nucleari - Scatole - testo - Statistics

Statistiche generali
  • Questo quiz è stato fatto 126 volte
    125 dall'ultimo reset
  • Il punteggio medio è 265 su 336
Statistiche sulle risposte
Risposta % Corretto
a
98%
c'
97%
l'
97%
il
95%
Il
95%
la
95%
mi
95%
o
95%
in
93%
so
93%
da
92%
di
92%
e
92%
è
92%
E
92%
io
92%
per
92%
le
90%
ma
90%
Ma
90%
po'
90%
si
90%
90%
90%
tu
90%
Mio
88%
mio
88%
padre
88%
un
88%
che
87%
chi
87%
gli
87%
Gli
87%
non
87%
sono
87%
te
87%
al
85%
ha
85%
una
85%
amore
83%
fatto
83%
mie
83%
scatole
83%
sempre
83%
solo
83%
suo
83%
architetto
82%
chitarra
82%
far
82%
fare
82%
studi
82%
suonare
82%
avere
80%
come
80%
comunisti
80%
ingegnere
80%
muratore
80%
musicista
80%
ne
80%
passavo
80%
polverosa
80%
sere
80%
sta
80%
teca
80%
vita
80%
cosa
78%
dai
78%
della
78%
soffitta
78%
cose
77%
giorno
77%
lamenta
77%
odia
77%
perché
77%
qualche
77%
volevo
77%
anch'
75%
cazzo
75%
diploma
75%
disse
75%
gente
75%
mani
75%
oppure
75%
quello
75%
sai
75%
tempo
75%
zitto
75%
altre
73%
capisci
73%
concesso
73%
inventate
73%
mai
73%
ottimisti
73%
poco
73%
proprio
73%
sporca
73%
anni
72%
appeso
72%
geometra
72%
parte
72%
prese
72%
pulita
72%
sarò
72%
tutte
72%
vent'
72%
coscienza
70%
dicesse
70%
dimenticarlo
70%
dove
70%
facessi
70%
sognavo
70%
fuori
68%
piccolo
68%
privilegio
68%
quando
68%
vedi
68%
voluto
68%
case
67%
fondo
67%
Lui
67%
piove
67%
rifugia
67%
all'
65%
avrebbe
65%
Poi
65%
commuove
63%
piangere
63%
ad
62%
andato
62%
campanello
62%
ci
62%
ho
62%
mattoni
62%
Geova
60%
nessuno
60%
spesso
60%
testimone
60%
davanti
58%
dei
58%
diventare
58%
futuro
58%
Londra
58%
tra
58%
suonava
57%
musica
55%
studiare
55%
università
55%
papà
53%
canzoni
52%
ed
52%
mia
52%
altro
50%
era
50%
esame
50%
parole
50%
aprire
48%
alle
47%
anche
47%
ripensato
45%
accettato
43%
adesso
43%
neanche
43%
diverso
40%
migliore
40%
modo
40%
durante
38%
Ero
38%
faccio
38%
provai
38%
carta
33%
pezzo
33%
dicevo
30%
Ricordo
27%
Nessun quiz corrispondente trovato
Distribuzione punteggi
Percentuale di utenti per punteggio
Percentile per numero di risposta
I tuoi punteggi nel tempo
Non hai fatto questo quiz dall'ultimo reset